000 01500nam0a22003251 4500
001 rc\448541
005 20250621090724.0
035 _a(NLR Aleph) 005693774
090 _a7204045
_c7204045
100 _a20030616d1987 |||y0rusy50 ca
101 0 _arus
102 _aRU
105 _aa |||||||||
200 1 _aПервый день юности
_eРассказы
_fСергей Сокуров
_g[Худож. А.И. Герасимов]
210 _aЛьвов
_cКаменяр
_d1987
215 _a126, [2] с.
_cил.
_d17
327 1 _aСодерж.: Заречье: Перегинские характеры; Грутас; Зов невидимой птицы; Незабудки; Новогодняя сказка; Галя; Первый день юности
464 0 _12001#$aПерегинские характеры
_tПерегинские характеры
464 0 _12001#$aГрутас
_tГрутас
464 0 _12001#$aЗов невидимой птицы
_tЗов невидимой птицы
464 0 _12001#$aНезабудки
_tНезабудки
464 0 _12001#$aНовогодняя сказка
_tНовогодняя сказка
464 0 _12001#$aГаля
_tГаля
464 0 _12001#$aПервый день юности
_tПервый день юности
700 1 _aСокуров
_bС.А.
_gСергей Анатольевич
801 0 _aRU
_bNLR
_gpsbo
801 1 _aRU
_bELAR
_2rusmarc
852 _aNLR
_j87-2/2335
942 _cBOOK
980 _aNB